Lesotho Law Journal

Detalles Bibliográficos
Formato: eBook
Lenguaje:inglés
Publicado: Pretoria: Sabinet African Journals, 2012 -
Materias:
Acceso en línea:Acceso restringido

MARC

LEADER 00000nam a22000007a 4500
005 20211123215837.0
007 cr|||| |||
008 211123c20129999za fr|w s|||| 0|||b1eng d
022 |a 0255-6472 
035 |a 33743 
040 |a vLex 
090 |c 12684  |d 12684 
245 0 0 |a Lesotho Law Journal  |h [Recurso electrn̤ico] / 
256 |a Servicio en ln̕ea 
260 |a Pretoria:  |b Sabinet African Journals,  |c 2012 - 
300 |a 1 recurso electrn̤ico 
310 |a Semestral 
500 |a The Lesotho LJ is a Law and Development journal, published under the auspices of Faculty of Law, National University of Lesotho . The journal is predominantly legal in nature, but we do accept articles from other disciplines provided they are development oriented and take a multidisciplinary approach to law. 
506 1 |a Disponible solo en los productos indicados  |d vLex Global  |d vLex Global (Academic Edition, excluding Law Schools)  |d vLex Global (U.S. Academic Edition, Law Schools)  |d vLex Global (U.S. Academic Edition, excluding Law Schools)  |d vLex Global (Academic Edition, Law Schools) 
650 0 4 |a Derecho Civil  |z Sudf̀rica 
740 0 |a vLex Revistas (Servicio en ln̕ea) 
856 4 0 |u https://app.vlex.com/#/sources/33743  |z Acceso restringido 
942 |c REV 
999 0 |a Civil Law